| 000 | 01601nam a22004217a 4500 | ||
|---|---|---|---|
| 001 | 000095847 | ||
| 003 | CHAP | ||
| 005 | 20220329143126.0 | ||
| 008 | 060531d2006 mx r 00110 spa d | ||
| 010 | _a92313 | ||
| 011 | _a93285 | ||
| 035 | _a103857 | ||
| 040 | _cCHAP | ||
| 090 | _aTesis | ||
| 100 | 1 |
_aCorrea Méndez, Fermín. _928228 |
|
| 245 | 1 | 0 |
_aFactibilidad tecnológica de aprovechamiento para tableros aglomerados de 16 especies de maderas del Edo. de Tamaulipas, México / _c/por Fermín Correa Méndez. |
| 260 |
_aChapingo, Méx. : _bEl autor, _c2006. |
||
| 300 |
_a151 h. : _bilus. ; gráfs. |
||
| 502 | _aTesis (M.C. en Ciencias Forestales) -- UACH. División de Ciencias Forestales | ||
| 590 |
_aALEPH _b10 _c20130110 _lUCH01 _h1512 |
||
| 590 |
_aBATCH-UPD _b10 _c20130110 _lUCH01 _h0715 |
||
| 590 |
_aBATCH-UPD _b10 _c20130410 _lUCH01 _h0400 |
||
| 590 |
_aBATCH-UPD _b10 _c20130914 _lUCH01 _h1050 |
||
| 590 |
_aBATCH-UPD _b10 _c20140324 _lUCH01 _h1457 |
||
| 590 |
_aBATCH-UPD _b10 _c20141002 _lUCH01 _h0830 |
||
| 590 |
_aCONVERSION _b10 _c20130109 _lUCH01 _h1351 |
||
| 590 |
_aE5765TAJ _b10 _c20130607 _lUCH01 _h1317 |
||
| 650 | 1 | 4 |
_aMadera _xPropiedades y usos. _969621 |
| 650 | 1 | 4 |
_aMadera _xTecnología. _969629 |
| 650 | 1 | 4 |
_aTableros de partículas. _9111301 |
| 856 |
_3Finding aid _uhttp://10.13.5.2/tesis/103857.pdf _zTeclea aquí |
||
| 901 | _aBK | ||
| 905 | _aAlejandra Carrasco M. | ||
| 942 | _cCD | ||
| 942 | _n0 | ||
| 949 |
_aTesis _bBC _cTES _d00000001038571 _eTS1 _gDonaciØn _h44999 _i103857 _sb |
||
| 949 |
_aTesis _bBC _cTES _d33724000986170 _eTS2 _fc.2 _gDonaciØn _h45000 _i103857 _sb |
||
| 999 |
_c92313 _d92313 |
||